000 00329nam a2200121Ia 4500
008 190216s9999||||xx |||||||||||||| ||und||
100 _a"Anand J, Rekhi Dps, Sarna L & Gupta Lr"
245 0 _aNational Defence Academy
260 _bBright Careers
_c1985
300 _a524p
650 _aNational Defence Academy
942 _cREF
999 _c35535
_d35535